| 000 | 01547nam0a2200361 4500 | ||
|---|---|---|---|
| 001 | RU\NLR\bibl\817076 | ||
| 005 | 20250614134610.0 | ||
| 010 |
_a5-8459-0718-7 _bв обл. |
||
| 021 |
_aRU _b2005-12484 _9638 |
||
| 035 | _aRSL-KNO-002577243 | ||
| 035 | _a(NLR Aleph) 000806005 | ||
| 090 |
_a1211144 _c1211144 |
||
| 100 | _a20050309d2005 |||y0rusy50 ca | ||
| 101 | 1 |
_arus _ceng |
|
| 102 | _aRU | ||
| 105 | _aac ||||||||| | ||
| 106 | _ar | ||
| 200 | 1 |
_aСекреты цифровой печати _eРук. по выводу высококачеств. цифровой графики для фотографов и художников _fГарольд Джонсон _g[Пер. с англ. и ред. Е. Л. Полонской] |
|
| 210 |
_aМ. [и др.] _cВильямс _d2005 _eСПб. _gГПП Печ. Двор |
||
| 215 |
_a408 с., [16] л. _cил., цв. ил., портр., табл. _d24 |
||
| 300 | _aПредм. указ.: с. 401-408 | ||
| 606 | 1 |
_aЦифровая печать _92182125 _3RU\NLR\auth\661312154 |
|
| 610 | 0 | _aФотокинотехника -- Фотография -- Электрофотография.Ксерогр афия -- Пособие для специалистов | |
| 610 | 0 | _aцифровая фотография | |
| 686 |
_aМ941.8,07 _2rubbk |
||
| 686 | _aМ941.8 | ||
| 700 | 1 |
_aДжонсон _bГ. _gГарольд _4070 |
|
| 801 | 0 |
_aRU _bRuMoRKP _c20050309 _grcr |
|
| 801 | 1 |
_aRU _bRuMoRGB _c20050309 |
|
| 801 | 2 |
_aRU _bNLR _c20050707 _gPSBO |
|
| 942 | _cBOOK | ||
| 980 | _aNB | ||